000
00344nam a2200145Ia 4500
005
20250429085018.0
008
240331s9999 xx 000 0 und d
082
_b
SUB
_a
291
100
_a
Subramaniam, M.K
245
0
_a
Periyar meihel
260
_a
Kovai
_b
Nanthini Achagam
_c
1997
300
_a
48 p .,
500
_a
Nihal Kurunool
942
_c
L
999
_c
4280
_d
4280